Missing Word: 'Show' Shows Quiz Stats

 Plays Quiz Updated Jun 22, 2019

Score 0/14 Timer 02:30
0 Plays Today
TV Show Missing Word % Correct
_____ '70s ShowThat
97.2%
The _____ Stooges ShowThree
95.6%
The Dick Van _____ ShowDyke
95.2%
Honey, I _____ the Kids: The TV ShowShrunk
94.7%
The _____ Panther ShowPink
94.2%
The _____ Griffith ShowAndy
91.9%
The Ren & _____ ShowStimpy
87.6%
TV Show Missing Word % Correct
The Looney _____ ShowTunes
86.9%
The _____ Doody ShowHowdy
83.4%
The _____ Show Starring Jimmy FallonTonight
80.6%
The _____ British Baking ShowGreat
73.9%
The Best Damn _____ Show PeriodSports
28.6%
Tim and Eric Awesome Show, Great _____!Job
21%
_____ of the Show!Attack
13.4%

Today's Daily Dose

Missing Word
Celine Dion

Word Ladder
Dr. Seuss Books

Quick Pick
Cities in India

Get the Picture
'A' Actresses

You're not logged in!

Compare scores with friends on all Sporcle quizzes.
OR
Log In

Sporcle TV

Today on Sporcle TV


Watch our educational content, quiz creation guides, and fun videos on Sporcle TV.

Show Comments

Extras

Top Quizzes Today


Score Distribution

Your Account Isn't Verified!

In order to create a playlist on Sporcle, you need to verify the email address you used during registration. Go to your Sporcle Settings to finish the process.

Report this User

Report this user for behavior that violates our Community Guidelines.

Details: